000
00215nam a2200097Ia 4500
008
190216s9999||||xx |||||||||||||| ||und||
100
_a
Sreevasthava R M
245
0
_a
Monetary Economics
260
_b
Null
942
_c
BK
999
_c
9091
_d
9091